| 000 | 03565naa a2200433Ia 4500 | ||
|---|---|---|---|
| 003 | OSt | ||
| 005 | 20260604093128.0 | ||
| 008 | 260604s2017 xx 000 0 und d | ||
| 040 |
_beng _cFoundation University |
||
| 050 |
_aGS (MAED-GenSci-Th) LG 221 D35 G73 _bA5 E38 G46 2010 R34 |
||
| 099 | _a1515 | ||
| 100 |
_aRagpa, Rizalene V., _93222 _eauthor. |
||
| 245 | 1 | 0 |
_aReproductive health-seeking behaviors of Foundation University college graduating students / _cby Rizalene V. Ragpa. |
| 260 |
_aDumaguete City : _bFoundation University, _c2010. |
||
| 264 |
_c2010. _42010. |
||
| 300 |
_axiv, 103 leaves : _bill. (col.) ; _c28 cm _3volume _fresources |
||
| 336 |
_2rdacontent _atext _btxt |
||
| 337 |
_2rdamedia _aunmediated _bn |
||
| 338 |
_3GS (MAED-GenSci-Th) _avolume _bnc _2rdacarrier |
||
| 490 | _aGS (MAED-GenSci-Th) | ||
| 502 | _aGraduate thesis (Education Major in General Science, Master of Arts in) -- Foundation University, 2010. | ||
| 504 | _aIncludes bibliographical references and appendices | ||
| 520 | _aAbstract The study aimed to determine the reproductive health seeking behaviours of Foundation University college graduating students for the academic year 2008-2009. One hundred ninety-eight respondents were chosen randomly and the primary instrument used in the study was a self-administered questionnaire. The statistical tools utilized to get the desired results were percentage, weighted mean, t-test and chi-square. The result revealed that majority of the respondents were female, single, Catholic and came from urban places. They rarely experienced reproductive health problems, although the common but rare problems cited were rashes in the male and female genitalia. The respondents rarely took action on the identifed problems. However, they were motivated by factors such as the desire to stay healthy and the fear of having AIDS. There is stilla little stigma attached to reproductive health problems but most of them were moderately aware of the existing reproductive health issues like Premarital Sex and Unplanned Pregnancy. In testing for the significant difference between the respondents awareness on the common health issues when they are grouped according to gender, marital status, religion and place of origin, the study revealed that there was no Significant difference between their perceptions on the said issues based on said socio-demographic profile. However, there was a significant relationship between the respondent awareness on the common health issues and the reproductive health problems they experienced. | ||
| 650 |
_aReproductive health _zPhilippines. _917144 |
||
| 650 |
_aHealth behavior _zPhilippines. _917145 |
||
| 650 |
_aCollege students _xHealth and hygiene _zPhilippines. _917146 |
||
| 650 |
_aHealth education _zPhilippines. _917147 |
||
| 650 |
_aHealth services accessibility _zPhilippines. _917148 |
||
| 650 |
_aYouth _xHealth and hygiene _zPhilippines. _917149 |
||
| 650 |
_aUniversity students _zPhilippines. _917150 |
||
| 658 |
_aThesis Writing 2 (Pre/Final Oral Defense) : _bEducation Major in General Science, Master of Arts in ; _cMA 101. |
||
| 690 |
_2FU _aacademic performance _91773 |
||
| 690 |
_2FU _acomputer interactive simulato _914589 |
||
| 690 |
_2FU _a conventional teaching method _914590 |
||
| 690 |
_2FU _aenzyme _914591 |
||
| 690 |
_2FU _alocalized instructional material _914592 |
||
| 900 | 0 | _4Sapalaran, James O., cataloger | |
| 942 |
_2lcc _cTH _hLG 221 D35 G73 _iA5 E38 G46 2010 R34 _kGS (MAED-GenSci-Th) |
||
| 999 |
_c6256 _d6256 |
||